Walter White or Donald Draper? Quiz Stats

 Plays Quiz not verified by Sporcle

Challenge
Share
Tweet
Embed
Score 0/16 Timer 03:00
0 Plays Today
Quote White (W) or Draper (D) % Correct
'Stay out of my territory.'???
97.5%
'What you call love was invented by guys like me, to sell nylons.'???
97.2%
'I am the one who knocks!'???
94.9%
'I did it for me. I liked it. I was good at it. And, I was really... I was alive.'???
94.6%
'Now... Say my name.'???
94.5%
'People tell you who they are, but we ignore it - because we want them to be who we want them to be.'???
94.2%
'What have you got in your life? Nothing. Nobody. Oh, wait. Yes. Video games and go-carts.'???
94%
'If you don't like what is being said, then change the conversation.'???
93.9%
Quote White (W) or Draper (D) % Correct
'We tried to poison you because you are an insane, degenerate piece of filth and you deserve to die.'???
92%
'You don't cover for me, you manage expectations.'???
83.9%
'I hate to break it to you, but there is no big lie, there is no system, the universe is indifferent.'???
82.6%
'I'm enjoying the story so far, but I have a feeling it's not going to end well.'???
81.9%
'I can't decide... if you have everything... or nothing.'???
81%
'This only works if they're scared of you.'???
76.6%
'Every day I tried not to think about what would happen if this happened.'???
74.1%
'What, I am Nixon now?'???
22.1%

You're not logged in!

Compare scores with friends on all Sporcle quizzes.
Join for Free
OR
Log In

You Might Also Like...

Show Comments

Extras

Created Jan 28, 2014ReportNominate
Tags:Breaking Bad, Mad Men

Top Quizzes Today


Score Distribution

Your Account Isn't Verified!

In order to create a playlist on Sporcle, you need to verify the email address you used during registration. Go to your Sporcle Settings to finish the process.

Report this User

Report this user for behavior that violates our Community Guidelines.

Details: